Najwyższe przegrane państw CONMEBOL - Statystyki

Ogólne statystyki
  • Ten quiz został rozwiązany 33 razy
  • Średni wynik to 9 z 10
Statystyki odpowiedzi
Przegrany Wynik Wygrany % Poprawnych
Boliwia 1:10 Brazylia
95%
Chile 0:7 Brazylia
95%
Kolumbia 0:9 Brazylia
95%
Peru 0:7 Brazylia
95%
Ekwador 0:12 Argentyna
91%
Paragwaj 0:8 Argentyna
91%
Urugwaj 0:6 Argentyna
91%
Wenezuela 0:11 Argentyna
91%
Brazylia 1:7 Niemcy
73%
Argentyna 1:6 Boliwia | Hiszpania
59%
Nie znaleziono quizów pasujących do podanych kryteriów
Rozkład punktacji
Procent ludzi z każdym wynikiem
Percentyl według liczby udzielonych odpowiedzi
Twoja historia wyników
Nie rozwiązałeś tego quizu